Tekken 5 Characters - Statistics

General Stats
  • This quiz has been taken 214 times
    149 since last reset
  • The average score is 28 of 41
Answer Stats
Hint Answer % Correct
Default characters Jin Kazama
99%
Default characters Kazuya Mishima
96%
Unlockable characters Heihachi Mishima
91%
Default characters Nina Williams
91%
Unlockable characters Anna Williams
87%
Default characters King II
86%
Final Boss Jinpachi Mishima
84%
Unlockable characters Panda
84%
Default characters Paul Phoenix
83%
Default characters Asuka Kazama
82%
Unlockable characters Kuma II
82%
Default characters Marhsall Law
80%
Default characters Chaolan Lee
78%
Default characters Yoshimitsu
78%
Default characters Bryan Fury
76%
Sub Boss Devil Jin
76%
Default characters Jack-5
76%
Default characters Xiaoyu Ling
76%
Default characters Steve Fox
75%
Default characters Hwoarang
72%
Default characters Christie Monteiro
71%
Bonus characters Eddy Gordo
71%
Unlockable characters Jinrei Wang
71%
Default characters Julia Chang
71%
Default characters Raven
71%
Default characters Wulong Lei
71%
Default characters Craig Marduk
68%
Unlockable characters Roger Jr.
67%
Default characters Wei Feng
67%
Unlockable characters Bruce Irvin
64%
Dark Resurrection Emilie "Lili" De Rochefort
64%
Unlockable characters Mokujin
64%
Dark Resurrection Armor King II
62%
Unlockable characters Ganryu
61%
Dark Resurrection Sergei Dragunov
57%
Unlockable characters Doo-San Baek
54%
Devil Within Monstrous Ogre
37%
Devil Within True Ogre
37%
Devil Within Gun-Jack
17%
Devil Within Clone Heihachi
11%
Devil Within Soul Sphere
11%
No matching quizzes found
Score Distribution
Percent of People with Each Score
Percentile by Number Answered
Your Score History
You have not taken this quiz since the last reset